| 000 | 00345nam a22001337a 4500 | ||
|---|---|---|---|
| 008 | 230307b |||||||| |||| 00| 0 eng d | ||
| 020 | _a140440968. | ||
| 050 | _aPQ3456.A19 F43. | ||
| 100 |
_aChekhov Anton. _935579 |
||
| 245 |
_aPlays _cAnton Chekhov |
||
| 260 |
_aEngland: _bPenguin Books, |
||
| 300 |
_a453p; _c18cm. |
||
| 942 |
_2lcc _cMONOGRAPH |
||
| 999 |
_c131661 _d131661 |
||